000
00253nam a22000977a 4500
999
_c
509256
_d
509256
082
_a
B235
100
_a
Krasin, Y.A.
_9
4867
245
_a
Leninism and revoluton: reply to critics
_c
by Y.A. Krasin
260
_a
Moscow
_b
Novosti Press Agency
300
_a
92p.